• 首页
  • 本馆介绍
  • 公告通知
  • 最新文献
  • 馆藏检索
  • 电子资源
  • 读者导购
  • 参考咨询
  • 我的图书馆
  • 登录
  • 详细信息显示
  • 放入我的书架
  • 预约/预借图书
  • 作者相关作品
  • 分类相关作品
  • 丛书相关作品
  • 出版社相关作品

书目信息

  • 表格格式
  • 工作单格式
  • 卡片格式
题名:
浮士德
    
 
作者: 歌德 , 钱春绮 著
分册:  
出版信息: 上海   上海译文出版社  1989
页数: 688页
开本: 20cm
丛书名:
单 册:
中图分类: O522 , I1
科图分类:
主题词: 文学--世界
电子资源:
ISBN: 7-5327-0583-8
000 00580nam0 2200217 450
001 0735592734
005 20071015085019.98
010    @a7-5327-0583-8@dCNY34.20
100    @a20070906d1989 km y0chiy0120 ea
101 0  @achi
102    @aCN@b310000
200 1  @a浮士德@Afu shi de@f歌德,钱春绮著@Fge de,qian chun qi zhu
210    @a上海@c上海译文出版社@d1989
215    @a688页@d20cm
606 0  @a文学@x世界
690    @aO522@v3
690    @aI1@v4
701  0 @a歌德@Age de@4著
701  0 @a钱春绮@Aqian chun qi@4著
801  0 @aCN@bPFT@c20071015
905    @a213230@dI1@eZW229@f1
    
    浮士德/歌德,钱春绮著.-上海:上海译文出版社,1989
    688页;20cm
    
    
    ISBN 7-5327-0583-8:CNY34.20
    
●
相关链接 在E读中查询图书 在五车中查询图书 在当当中查询图书 在豆瓣中查询图书


正题名:浮士德     索取号:I1/ZW229         预约/预借

序号 登录号 条形码 馆藏地/架位号 状态 备注
1 7614509   276145093   密集书库-文学院/ [索取号:I1/ZW229] 在馆    
唐山师范学院图书馆 欢迎您!
大连网信软件有限公司© 版权所有